Estatísticas para Top 4 Colocados das Copa do Mundo de Críquete

Clique aqui para jogar o quiz

Estatísticas Gerais

  • Esse quiz foi jogado 903 vezes
  • A pontuação média é 5 de 9

Estatísticas das Respostas

Seleção% Correto
Índia
91%
Austrália
89%
Nova Zelândia
86%
Paquistão
70%
Inglaterra
65%
África do Sul
58%
Sri Lanka
50%
Quênia
22%
Índias Ocidentais
18%

Distribuição das Pontuações

Percentil de Números Respondidos

Porcentagem de Pessoas com Cada Pontuação

Sua Pontuação Histórica

Você não jogou esse quiz